Symptoms of Corynespora leaf disease on rubber (Hevea brasiliensis) (Record no. 50032)

MARC details
000 -LEADER
fixed length control field 00496nam a2200121Ia 4500
100 ## - MAIN ENTRY--AUTHOR NAME
Personal name Jacob C K
245 #0 - TITLE STATEMENT
Title Symptoms of Corynespora leaf disease on rubber (Hevea brasiliensis)
260 ## - PUBLICATION, DISTRIBUTION, ETC. (IMPRINT)
Name of publisher In: Corynespora leaf disease of Hevea brasiliensis: Strategies for management. (Ed. C. Kuruvilla Jacob). Rubber Research Institute of India, Kottayam, Kerala, pp.17-25.
650 ## - SUBJECT ADDED ENTRY--TOPICAL TERM
Topical Term Corynespora leaf disease
650 ## - SUBJECT ADDED ENTRY--TOPICAL TERM
Topical Term Disease synptoms
942 ## - ADDED ENTRY ELEMENTS (KOHA)
Koha item type Bibliography STAF
Holdings
Withdrawn status Lost status Damaged status Not for loan Home library Current library Shelving location Date acquired Koha item type
      Bibliography RRII Library RRII Library Mycology 09/04/2014 Bibliography STAF